| 000 | 00000nam 22000008a 4500 |
| 001 | 9.834739 |
| 003 | CaOODSP |
| 005 | 20240527135430 |
| 007 | cr ||||||||||| |
| 008 | 170404s2017 quc o f00| 0 eng d |
| 020 | |a978-0-660-08185-4 |
| 040 | |aCaOODSP|beng |
| 043 | |an-cn--- |
| 086 | 1 |aCW66-548/2017E-PDF |
| 245 | 00|aEnhancing the outreach capacity and engaging traditional plant knowledge in the Alderville First Nation Black Oak Savana |h[electronic resource]. |
| 260 | |a[Gatineau, Quebec] : |bEnvironment and Climate Change Canada, |c[2017]. |
| 300 | |a[1] p. |
| 500 | |aIssued also in French under title: Améliorer la capacité de mobilisation et les connaissances sur les plantes traditionnelles dans la savane à chênes noirs de la Première Nation d'Alderville. |
| 500 | |aCaption title. |
| 500 | |a"Aboriginal Fund for Species at Risk - Prevention Stream." |
| 692 | 07|2gccst|aHabitats |
| 692 | 07|2gccst|aNature conservation |
| 710 | 2 |aCanadian Wildlife Service. |
| 775 | 08|tAméliorer la capacité de mobilisation et les connaissances sur les plantes traditionnelles dans la savane à chênes noirs de la Première Nation d'Alderville |w(CaOODSP)9.834740 |
| 856 | 40|qPDF|s349 KB|uhttps://publications.gc.ca/collections/collection_2017/eccc/CW66-548-2017-eng.pdf |